Led Zeppelin Songs: Sudden Death rules - Statistics

General Stats
  • This quiz has been taken 306 times
  • The average score is 13 of 15
Answers on the Grid
Answers color-coded by a green-red scale on the quiz's grid according to % correct below.
Achilles Last Stand
Battle of Evermore
Behind Blue Eyes
Comfortably Numb
Communication Breakdown
D'yer Mak'er
Dirty Deeds Done Dirt Cheap
Fool in the Rain
Gimme Shelter
Going to California
Good Times, Bad Times
Hey Jude
Highway to Hell
Houses of the Holy
Immigrant Song
Kashmir
Light My Fire
Misty Mountain Hop
My Generation
Out on the Tiles
Penny Lane
Roadhouse Blues
Space Oddity
Stairway to Heaven
Suffragette City
Sympathy for the Devil
Tangerine
White Rabbit
Whole Lotta Love
Wish You Were Here
 
Answer Stats
Answer % Correct
Immigrant Song
93%
Kashmir
93%
Stairway to Heaven
93%
Whole Lotta Love
91%
Battle of Evermore
89%
Good Times, Bad Times
88%
Communication Breakdown
86%
D'yer Mak'er
85%
Going to California
85%
Houses of the Holy
85%
Misty Mountain Hop
85%
Achilles Last Stand
83%
Fool in the Rain
79%
Tangerine
78%
Out on the Tiles
68%
No matching quizzes found
Score Distribution
Percent of People with Each Score
Percentile by Number Answered
Your Score History
You have not taken this quiz